[Event "LTU-ch Amateurs"]
[Site "Kaunas"]
[Date "2024.10.29"]
[Round "7"]
[White "Vaitiekunas, Motiejus"]
[Black "Milius, Ignas"]
[Result "0-1"]
[WhiteElo "1634"]
[BlackElo "1861"]
[PlyCount "60"]
[EventDate "2024.10.26"]
[EventType "swiss"]
[EventRounds "7"]
[EventCountry "LTU"]
[SourceTitle "CB44_2024"]
[Source "Chessbase"]
[SourceDate "2024.10.30"]
[SourceVersion "1"]
[SourceVersionDate "2024.10.30"]
[SourceQuality "1"]

1. e4 c5 2. Nf3 d6 3. d4 cxd4 4. Nxd4 Nf6 5. Nc3 a6 6. f3 e5 7. Nb3 Be7 8. Be3 Be6 9. Nd5 Bxd5 10. exd5 h5 11. Qd2 Nbd7 12. 0-0-0 Qc7 13. Kb1 a5 14. a4 0-0 15. Rg1 Rfc8 16. Bb5 Nb6 17. Bxb6 Qxb6 18. h3 Ne8 19. g4 Nc7 20. Bd7 Rd8 21. Bf5 Qb4 22. gxh5 Qxd2 23. Rxd2 b5 24. axb5 Nxb5 25. Bd3 Rdb8 26. h6 g6 27. Bxb5 Rxb5 28. Nc1 Kh7 29. Ne2 Rc8 30. Nc3 Rxc3 0-1

[Event "LTU-ch Amateurs"]
[Site "Kaunas"]
[Date "2024.10.27"]
[Round "4"]
[White "Morkunas, Gustas"]
[Black "Milius, Ignas"]
[Result "1-0"]
[WhiteElo "2081"]
[BlackElo "1861"]
[PlyCount "91"]
[EventDate "2024.10.26"]
[EventType "swiss"]
[EventRounds "7"]
[EventCountry "LTU"]
[SourceTitle "CB44_2024"]
[Source "Chessbase"]
[SourceDate "2024.10.30"]
[SourceVersion "1"]
[SourceVersionDate "2024.10.30"]
[SourceQuality "1"]

1. d4 Nf6 2. c4 e6 3. g3 c5 4. d5 exd5 5. cxd5 d6 6. Nc3 g6 7. Bg2 Bg7 8. Nf3 0-0 9. 0-0 Re8 10. Bf4 a6 11. a4 b6 12. Nd2 Nh5 13. Be3 Ra7 14. Nc4 f5 15. Qd2 Rf7 16. Bh6 Qc7 17. Bxg7 Kxg7 18. e4 Nf6 19. Qf4 Rd8 20. Nxd6 Qxd6 21. e5 Nh5 22. exd6 Nxf4 23. gxf4 Nd7 24. Nd1 Nf6 25. Ne3 Nh5 26. Nc4 Nxf4 27. Nxb6 Bb7 28. d7 a5 29. Rfe1 Kf8 30. Ra3 Rfxd7 31. Nxd7+ Rxd7 32. Rc3 Nxg2 33. Kxg2 Rxd5 34. Kg3 Rd4 35. f3 f4+ 36. Kg4 Bc8+ 37. Kg5 Rd5+ 38. Kxf4 Rh5 39. Re5 Rxh2 40. Rexc5 Bd7 41. b3 h5 42. Rxa5 h4 43. Ra8+ Ke7 44. Rh8 h3 45. Rh7+ Kd6 46. Rd3+ 1-0

[Event "Panevezys op 37th"]
[Site "Panevezys"]
[Date "2024.08.18"]
[Round "8"]
[White "Milius, Ignas"]
[Black "Martynkova, Olena"]
[Result "0-1"]
[WhiteElo "1827"]
[BlackElo "2153"]
[PlyCount "76"]
[EventDate "2024.08.15"]
[EventType "swiss"]
[EventRounds "8"]
[EventCountry "LTU"]
[SourceTitle "CBM 221 Extra"]
[Source "ChessBase"]
[SourceDate "2024.09.30"]
[SourceVersion "1"]
[SourceVersionDate "2024.09.30"]
[SourceQuality "1"]

1. e4 c5 2. Nf3 e6 3. d4 cxd4 4. Nxd4 Nc6 5. Nc3 Qc7 6. Be3 a6 7. Qf3 Nf6 8. 0-0-0 Ne5 9. Qg3 b5 10. Ndxb5 axb5 11. Nxb5 Qb8 12. Bf4 Nxe4 13. Bxe5 Nxg3 14. Bxb8 Rxb8 15. hxg3 d5 16. c4 Bd7 17. Nc3 Bc5 18. f3 dxc4 19. Bxc4 Ke7 20. Bb3 h5 21. Rd3 Bc6 22. Ba4 Bxa4 23. Nxa4 Bd6 24. f4 h4 25. Rxh4 Rxh4 26. gxh4 Bxf4+ 27. Kc2 Bd6 28. a3 f5 29. Nc3 Rh8 30. g3 e5 31. b4 e4 32. Re3 Ke6 33. Kb3 Rg8 34. a4 g5 35. hxg5 Rxg5 36. Ne2 Kd5 37. a5 Rg8 38. b5 Be5 0-1

[Event "Panevezys op 37th"]
[Site "Panevezys"]
[Date "2024.08.17"]
[Round "5"]
[White "Aleksandravicius, Darius"]
[Black "Milius, Ignas"]
[Result "0-1"]
[WhiteElo "1805"]
[BlackElo "1827"]
[PlyCount "60"]
[EventDate "2024.08.15"]
[EventType "swiss"]
[EventRounds "8"]
[EventCountry "LTU"]
[SourceTitle "CBM 221 Extra"]
[Source "ChessBase"]
[SourceDate "2024.09.30"]
[SourceVersion "1"]
[SourceVersionDate "2024.09.30"]
[SourceQuality "1"]

1. Nf3 d5 2. g3 Nd7 3. d4 Nb6 4. Bg2 Nf6 5. 0-0 Bf5 6. a4 a5 7. Nbd2 e6 8. Ne5 c6 9. c4 dxc4 10. Ndxc4 Nxc4 11. Nxc4 Bb4 12. Bg5 h6 13. Bxf6 Qxf6 14. e4 Bg6 15. e5 Qe7 16. Qb3 Rd8 17. Rad1 h5 18. h4 Qc7 19. Ne3 0-0 20. f4 Rd7 21. f5 exf5 22. Nxf5 Rfd8 23. e6 fxe6 24. Qxe6+ Kh7 25. Qe3 Bxf5 26. Rxf5 g6 27. Rf6 Rg7 28. Be4 Qe7 29. Rdf1 Rd7 30. Bxg6+ Rxg6 0-1

[Event "Panevezys op 37th"]
[Site "Panevezys"]
[Date "2024.08.16"]
[Round "4"]
[White "Milius, Ignas"]
[Black "Malisauskas, Vidmantas"]
[Result "0-1"]
[WhiteElo "1827"]
[BlackElo "2311"]
[PlyCount "104"]
[EventDate "2024.08.15"]
[EventType "swiss"]
[EventRounds "8"]
[EventCountry "LTU"]
[SourceTitle "CBM 221 Extra"]
[Source "ChessBase"]
[SourceDate "2024.09.30"]
[SourceVersion "1"]
[SourceVersionDate "2024.09.30"]
[SourceQuality "1"]

1. e4 c5 2. Nf3 d6 3. d4 cxd4 4. Nxd4 Nf6 5. Nc3 a6 6. Rg1 b5 7. a4 b4 8. Nd5 e5 9. Nxf6+ Qxf6 10. Nf3 Bb7 11. Bd3 Be7 12. Qe2 0-0 13. g4 Re8 14. h4 Nd7 15. h5 Nc5 16. g5 Nxd3+ 17. cxd3 Qe6 18. g6 fxg6 19. hxg6 h6 20. Nh2 Qh3 21. Ng4 Rac8 22. b3 Rf8 23. Rg3 Qh1+ 24. Qf1 Qxf1+ 25. Kxf1 Rc2 26. Bxh6 Bh4 27. Rg2 Bc8 28. Be3 Bxg4 29. Rxg4 Bxf2 30. Bxf2 Rfxf2+ 31. Kg1 Kf8 32. Rf1 Rxf1+ 33. Kxf1 Ke7 34. Rh4 Rc3 35. Ke2 Rxb3 36. Rh7 Kf6 37. Rh8 Rb2+ 38. Ke3 Ra2 39. Rd8 Ke7 40. Rg8 Rxa4 41. Rxg7+ Kf6 42. Rd7 Kxg6 43. Rxd6+ Kf7 44. Rb6 a5 45. Rb5 Ke6 46. Rb6+ Kd7 47. Rb5 Kd6 48. Rb6+ Kc5 49. Re6 b3 50. Rxe5+ Kb4 51. Kd2 Ra2+ 52. Kc1 a4 0-1

[Event "Plunge op-A 43rd"]
[Site "Plateliai"]
[Date "2024.07.15"]
[Round "1"]
[White "Narmontas, Algirdas"]
[Black "Milius, Ignas"]
[Result "0-1"]
[WhiteElo "1580"]
[BlackElo "1757"]
[PlyCount "68"]
[EventDate "2024.07.15"]
[EventType "swiss"]
[EventRounds "9"]
[EventCountry "LTU"]
[SourceTitle "CBM 221 Extra"]
[Source "ChessBase"]
[SourceDate "2024.09.30"]
[SourceVersion "1"]
[SourceVersionDate "2024.09.30"]
[SourceQuality "1"]

1. e4 c5 2. f4 d5 3. exd5 Qxd5 4. Nc3 Qd8 5. Nf3 Nf6 6. Bc4 e6 7. d3 a6 8. a3 b5 9. Ba2 Bb7 10. 0-0 Bd6 11. Qe1 0-0 12. Ne4 Nxe4 13. dxe4 c4 14. Kh1 Nd7 15. c3 e5 16. f5 Nc5 17. Bg5 f6 18. Bh6 gxh6 19. Qh4 Qe7 20. Nd2 Kh8 21. Rf3 Rg8 22. Re1 Rg5 23. Qxh6 Qg7 24. Qh3 Nd3 25. Ree3 Nf4 26. Rxf4 exf4 27. Re2 Rd8 28. Nf3 Bc5 29. Bb1 Rd1+ 30. Re1 Rxe1+ 31. Nxe1 Qd7 32. Bc2 Qd2 33. Qh4 Bf2 34. Nf3 Qc1+ 0-1

[Event "Panevezys op"]
[Site "Panevezys"]
[Date "2023.08.18"]
[Round "2"]
[White "Milius, Ignas"]
[Black "Vasilkovs, Aleksandrs"]
[Result "1-0"]
[WhiteElo "1508"]
[BlackElo "1309"]
[PlyCount "41"]
[EventDate "2023.08.18"]
[EventType "swiss"]
[EventRounds "7"]
[EventCountry "LTU"]
[SourceTitle "CBM 216 Extra"]
[Source "ChessBase"]
[SourceDate "2023.11.30"]
[SourceVersion "1"]
[SourceVersionDate "2023.11.30"]
[SourceQuality "1"]

1. e4 c6 2. d4 d5 3. e5 Bf5 4. Nd2 Qb6 5. Nb3 e6 6. Be3 Nd7 7. a4 a6 8. a5 Qc7 9. c3 c5 10. f4 c4 11. Nd2 h6 12. g4 Bh7 13. Bg2 Ne7 14. Ne2 Nc6 15. Qa4 Bd3 16. f5 Be7 17. Nf4 b5 18. Qa2 Bh4+ 19. Kd1 Ke7 20. Qa3+ b4 21. cxb4 1-0

[Event "Plunge op-A 41st"]
[Site "Plateliai"]
[Date "2022.07.21"]
[Round "5"]
[White "Juskaitis, Skomantas"]
[Black "Milius, Ignas"]
[Result "0-1"]
[WhiteElo "1291"]
[BlackElo "1366"]
[PlyCount "50"]
[EventDate "2022.07.18"]
[EventType "swiss"]
[EventRounds "9"]
[EventCountry "LTU"]
[SourceTitle "CBM 209 Extra"]
[Source "ChessBase"]
[SourceDate "2022.09.30"]
[SourceVersion "1"]
[SourceVersionDate "2022.09.30"]
[SourceQuality "1"]

1. d4 c5 2. c3 d5 3. Bf4 Bf5 4. Nf3 Nc6 5. e3 Qb6 6. Qb3 c4 7. Qxb6 axb6 8. Nbd2 e6 9. Be2 Nf6 10. 0-0 h6 11. h3 b5 12. b3 Ba3 13. bxc4 bxc4 14. Ne5 Bb2 15. Rad1 Bxc3 16. Nb1 Bb2 17. Nxc4 dxc4 18. Bxc4 0-0 19. Rd2 Ba1 20. Bd6 Rfd8 21. Bh2 Ne4 22. Re2 Nc3 23. Nxc3 Bxc3 24. Rc1 Bb4 25. Bb5 Rac8 0-1

[Event "LTU-ch U14 Rapid"]
[Site "Vilnius"]
[Date "2021.09.19"]
[Round "6"]
[White "Spevak, Dovydas"]
[Black "Milius, Ignas"]
[Result "1/2-1/2"]
[WhiteElo "1502"]
[BlackElo "1414"]
[PlyCount "88"]
[EventDate "2021.09.18"]
[EventType "swiss (rapid)"]
[EventRounds "9"]
[EventCountry "LTU"]
[SourceTitle "EXT 2023"]
[Source "ChessBase"]
[SourceDate "2022.10.05"]
[SourceVersion "1"]
[SourceVersionDate "2022.10.05"]
[SourceQuality "1"]

1. f4 d5 2. Nf3 c5 3. e3 Nc6 4. b3 Bf5 5. Bb5 a6 6. Bxc6+ bxc6 7. Bb2 e6 8. d3 f6 9. Nh4 Bg6 10. Nxg6 hxg6 11. Qg4 Kf7 12. Nd2 Nh6 13. Qf3 a5 14. a4 Qb6 15. g4 Be7 16. e4 Rhf8 17. h4 Ke8 18. 0-0-0 Kd7 19. f5 gxf5 20. gxf5 exf5 21. exf5 Rae8 22. Rhg1 Rf7 23. Rde1 Bf8 24. Rxe8 Kxe8 25. Qh5 Kd8 26. Re1 Re7 27. Rxe7 Bxe7 28. Qg6 Qc7 29. Qxg7 Nxf5 30. Qh8+ Kd7 31. Bxf6 Qg3 32. Bc3 Qe1+ 33. Kb2 Nd4 34. Bxd4 cxd4 35. Nb1 Qxh4 36. Qa8 Bb4 37. Qa6 Qf6 38. Qa7+ Ke6 39. Qc7 Kf5 40. Qd7+ Qe6 41. Qh7+ Qg6 42. Qh3+ Qg4 43. Qh7+ Qg6 44. Qd7+ Qe6 1/2-1/2

[Event "Panevezys op-B"]
[Site "Panevezys"]
[Date "2021.07.30"]
[Round "1"]
[White "Milius, Ignas"]
[Black "Agafonov, Yuri"]
[Result "0-1"]
[WhiteElo "1453"]
[BlackElo "2103"]
[PlyCount "66"]
[EventDate "2021.07.30"]
[EventType "swiss"]
[EventRounds "7"]
[EventCountry "LTU"]
[SourceTitle "EXT 2022"]
[Source "ChessBase"]
[SourceDate "2021.10.06"]
[SourceVersion "1"]
[SourceVersionDate "2021.10.06"]
[SourceQuality "1"]

1. e4 d5 2. exd5 Nf6 3. d4 Nxd5 4. c4 Nf6 5. Nc3 g6 6. Nf3 Bg7 7. g3 0-0 8. Bg2 Nc6 9. 0-0 Bf5 10. Be3 Ng4 11. Qd2 Nxe3 12. fxe3 e5 13. d5 Ne7 14. e4 Bd7 15. b4 b6 16. c5 bxc5 17. bxc5 Bg4 18. h3 Bxf3 19. Rxf3 Nc6 20. Ne2 Rb8 21. Rd3 Nd4 22. Nxd4 exd4 23. Re1 Qe7 24. c6 Be5 25. Rb3 Rxb3 26. axb3 h5 27. Ra1 Rb8 28. Rxa7 h4 29. gxh4 d3 30. Rb7 Ra8 31. Qxd3 Qc5+ 32. Kf1 Qc1+ 33. Ke2 Ra2+ 0-1

[Event "Plunge op-B 39th"]
[Site "Plateliai"]
[Date "2019.07.21"]
[Round "9"]
[White "Milius, Ignas"]
[Black "Kapickis, Karolis"]
[Result "1-0"]
[WhiteElo "1214"]
[BlackElo "1049"]
[PlyCount "55"]
[EventDate "2019.07.15"]
[EventType "swiss"]
[EventRounds "9"]
[EventCountry "LTU"]
[SourceTitle "EXT 2020"]
[Source "ChessBase"]
[SourceDate "2019.10.17"]
[SourceVersion "1"]
[SourceVersionDate "2019.10.17"]
[SourceQuality "1"]

1. e4 c5 2. Nf3 a6 3. d4 cxd4 4. Nxd4 Nf6 5. Nc3 e5 6. Nf3 Bb4 7. Bc4 Qc7 8. Qd3 b5 9. Bd5 Nxd5 10. exd5 0-0 11. 0-0 Bxc3 12. bxc3 Qd6 13. a4 Bb7 14. Ba3 Qxd5 15. Qxd5 Bxd5 16. Bxf8 Bxf3 17. gxf3 Kxf8 18. axb5 d5 19. Rfd1 e4 20. Rxd5 exf3 21. Rd8+ Ke7 22. Rh8 h6 23. bxa6 Rxa6 24. Re1+ Kf6 25. Rxb8 Ra5 26. Rb6+ Kg5 27. c4 f6 28. Rb5+ 1-0

[Event "Plunge op-B 39th"]
[Site "Plateliai"]
[Date "2019.07.18"]
[Round "5"]
[White "Milius, Ignas"]
[Black "Narmontas, Algirdas"]
[Result "1-0"]
[WhiteElo "1214"]
[BlackElo "1339"]
[PlyCount "77"]
[EventDate "2019.07.15"]
[EventType "swiss"]
[EventRounds "9"]
[EventCountry "LTU"]
[SourceTitle "EXT 2020"]
[Source "ChessBase"]
[SourceDate "2019.10.17"]
[SourceVersion "1"]
[SourceVersionDate "2019.10.17"]
[SourceQuality "1"]

1. e4 e5 2. Nf3 Nc6 3. Nc3 d6 4. Bb5 Bg4 5. d4 a6 6. Bxc6+ bxc6 7. dxe5 f6 8. exd6 cxd6 9. Bf4 Rb8 10. Rb1 Rb7 11. 0-0 Rd7 12. Re1 Ne7 13. Qd3 Ng6 14. Bg3 a5 15. Nd4 Ne5 16. Qa6 c5 17. Bxe5 fxe5 18. Nc6 Qg5 19. Qa8+ Kf7 20. Re3 h5 21. h3 Be6 22. Rf3+ Kg6 23. Rg3 Bg4 24. hxg4 hxg4 25. Qe8+ Rf7 26. Qe6+ Rf6 27. Qxg4 Qxg4 28. Rxg4+ Kf7 29. Nxa5 Be7 30. Kf1 Bd8 31. Nc4 Rfh6 32. Ke2 g5 33. Rg3 Rg6 34. Rd3 Ke7 35. Nb5 Rh2 36. g3 Rf6 37. Rf3 Rg6 38. Rd1 Rhh6 39. Rfd3 1-0

[Event "Plunge op-B 39th"]
[Site "Plateliai"]
[Date "2019.07.16"]
[Round "2"]
[White "Milius, Ignas"]
[Black "Koliasnikovas, Denis"]
[Result "1-0"]
[WhiteElo "1214"]
[BlackElo "1355"]
[PlyCount "57"]
[EventDate "2019.07.15"]
[EventType "swiss"]
[EventRounds "9"]
[EventCountry "LTU"]
[SourceTitle "EXT 2020"]
[Source "ChessBase"]
[SourceDate "2019.10.17"]
[SourceVersion "1"]
[SourceVersionDate "2019.10.17"]
[SourceQuality "1"]

1. e4 c5 2. Nf3 Nc6 3. d4 cxd4 4. Nxd4 e5 5. Nb5 a6 6. Nd6+ Bxd6 7. Qxd6 Qf6 8. Qd3 Qg6 9. Nc3 Nge7 10. g3 b5 11. Nd5 Nxd5 12. Qxd5 0-0 13. Bg2 Bb7 14. 0-0 Rab8 15. Qb3 Nd4 16. Qd3 f5 17. f3 d5 18. exd5 b4 19. c3 bxc3 20. bxc3 Nb5 21. c4 Nd4 22. f4 Qf6 23. fxe5 Qxe5 24. Be3 Nc2 25. Bf4 Qb2 26. Rab1 Qxa2 27. Bxb8 Rxb8 28. Qxf5 Nd4 29. Qf7+ 1-0